15 Seconds - Boroughs of New York City - Statistics

General Stats
  • This quiz has been taken 15 times
  • The average score is 5 of 5
Answers on the Map
Answers color-coded by a green-red scale on the quiz's map according to % correct below.
 
Answer Stats
Borough % Correct
Brooklyn
100%
Manhattan
100%
The Bronx
92%
Queens
83%
Staten Island
83%
No matching quizzes found
Score Distribution
Percent of People with Each Score
Percentile by Number Answered
Your Score History
You have not taken this quiz